000 01059nam a2200277Ia 4500
001 ebr10359322
003 CaPaEBR
006 m u
007 cr cn|||||||||
008 090917s2009 enk s 000 0 eng d
020 _z1841503061 (pbk.)
020 _z9781841503066 (pbk.)
040 _aCaPaEBR
_cCaPaEBR
035 _a(OCoLC)647843425
050 1 4 _aPN1992.5
_bT846 2009eb
245 0 0 _aTV formats worldwide
_h[electronic resource] :
_blocalising global programs /
_cedited by Albert Moran.
260 _aBristol :
_bIntellect Books,
_c2009.
300 _a250 p.
533 _aElectronic reproduction.
_bPalo Alto, Calif. :
_cebrary,
_d2010.
_nAvailable via World Wide Web.
_nAccess may be limited to ebrary affiliated libraries.
650 0 _aTelevision broadcasting.
650 0 _aTelevision programs.
655 7 _aElectronic books.
_2local
700 1 _aMoran, Albert.
710 2 _aebrary, Inc.
856 4 0 _uhttp://site.ebrary.com/lib/rucke/Doc?id=10359322
_zAn electronic book accessible through the World Wide Web; click to view
999 _c104749
_d104749